Madhya Pradesh district gazetteers: Betul (Record no. 486537)

000 -LEADER
fixed length control field 00457cam a22001337a 4500
008 - FIXED-LENGTH DATA ELEMENTS--GENERAL INFORMATION
fixed length control field 180718b1971 xxu||||| |||| 00| 0 eng d
082 ## - DEWEY DECIMAL CLASSIFICATION NUMBER
Classification number A75 M264BE
100 ## - MAIN ENTRY--PERSONAL NAME
Personal name Shrivastava, P.N.
245 ## - TITLE STATEMENT
Title Madhya Pradesh district gazetteers: Betul
Statement of responsibility, etc. by P.N. Shrivastava
260 ## - PUBLICATION, DISTRIBUTION, ETC.
Place of publication, distribution, etc. Bhopal
Name of publisher, distributor, etc. District Gazetteers Department, Madhya Pradesh
Date of publication, distribution, etc. 1971
300 ## - PHYSICAL DESCRIPTION
Extent 521+p.
500 ## - GENERAL NOTE
General note Library also has supplement, by N.P. Pandey. 1994. 91+p.
650 ## - SUBJECT ADDED ENTRY--TOPICAL TERM
Topical term or geographic name entry element Betul - Gazetteers
Holdings
Withdrawn status Lost status Damaged status Not for loan Permanent Location Current Location Date acquired Full call number Barcode Date last seen Price effective from Koha item type
        Indian Institute of Public Administration Indian Institute of Public Administration 2018-08-04 A75 M264BE G18953 2018-08-04 2018-08-04 G
        Indian Institute of Public Administration Indian Institute of Public Administration 2018-08-04 A75 M264BE GG12346 2018-08-04 2018-08-04 GG

Powered by Koha